000 02861cam a2200601 i 4500
001 xx004670503
003 NUKAT
005 20260402135332.0
008 190723s2019 pl a |001 0dpol c
020 _a9788380985872
_q(oprawa twarda) :
_czł 39,00
035 _a(OCoLC)1413494150
035 _a(NUKAT)xx004670503
040 _aKAT U/MoKu
_bpol
_erda
_cKAT U/MoKus
_dKAT U/MB
_dWR U/hb
_dOLSZT 008/bak
045 2 _bd1919
_bd1926
046 _k2019
100 1 _aPierzchalski, Stefan
_d(1876-1930).
_eAutor
_939454
245 1 0 _aKronika czasu przełomu :
_bGórny Śląsk w latach 1919-1926 na fotografiach Stefana Pierzchalskiego /
_cHalina Dudała, Mirosław Węcki ; Instytut Pamięci Narodowej - Komisja Ścigania Zbrodni przeciwko Narodowi Polskiemu ; Archiwum Archidiecezjalne w Katowicach.
246 3 0 _aGórny Śląsk w latach 1919-1926 na fotografiach Stefana Pierzchalskiego
260 _aWarszawa :
_bInstytut Pamięci Narodowej - Komisja Ścigania Zbrodni przeciwko Narodowi Polskiemu ;
_aKatowice :
_bArchiwum Archidiecezjalne w Katowicach,
_c2019.
300 _a238 stron :
_bilustracje ;
_c30 cm.
336 _aTekst
_btxt
_2rdacontent
336 _aObraz
_bsti
_2rdacontent
337 _aBez urządzenia pośredniczącego
_bn
_2rdamedia
338 _aWolumin
_bnc
_2rdacarrier
380 _aAlbumy i książki artystyczne
380 _aKsiążki
388 1 _a2001-
490 1 _aOddziałowy Projekt Badawczy IPN Powstania Śląskie 1919-1921
500 _aPublikacja przygotowana przez Oddział IPN - KŚZpNP w Katowicach.
504 _aBibliografia na stronie 22. Indeks.
600 1 7 _aPierzchalski, Stefan
_d(1876-1930)
_2DBN
_939454
600 1 7 _aPierzchalski, Stefan
_d(1876-1930).
_2kaba
_939454
648 7 _a1901-2000
_2DBN
_934996
648 7 _a1918-1939
_2DBN
_936041
650 7 _aFotografia dokumentalna
_2DBN
_939457
650 7 _aFotografia polska
_2DBN
_935386
650 7 _aPlebiscyt na Górnym Śląsku (1921)
_2DBN
_939269
650 7 _aPortrety
_2DBN
_937746
650 7 _aPowstania śląskie (1919-1921)
_2DBN
_939270
651 7 _aGórny Śląsk (prowincja ; 1919-1938)
_2DBN
_939458
651 7 _aŚląsk, Górny (Polska ; region)
_y1900-1945
_vwydawnictwa ilustrowane.
_2kaba
_939459
655 7 _aAlbum
_2DBN
_935390
655 7 _aOpracowanie
_2DBN
_935024
658 _aHistoria
658 _aKultura i sztuka
700 1 _aWęcki, Mirosław.
_eTekst
_918355
700 1 _aKowalczyk-Dudała, Halina
_d(1965- ).
_eTekst
_939455
710 2 _aInstytut Pamięci Narodowej - Komisja Ścigania Zbrodni przeciwko Narodowi Polskiemu.
_eInstytucja sprawcza
_eWydawca
_4pbl
_911792
710 2 _aArchiwum Archidiecezjalne (Katowice).
_eInstytucja sprawcza
_eWydawca
_4pbl
_939456
830 0 _aPowstania Śląskie 1919-1921 (seria)
_939467
920 _a978-83-8098-587-2 (oprawa twarda) : zł 39,00
942 _2ddc
_cBK_NM
999 _c27421
_d27421